[Event "Santa Cruz Potiguar-ch"]
[Site "Santa Cruz"]
[Date "2016.12.18"]
[Round "5"]
[White "Barbosa, Antonio Atenilson"]
[Black "Teixeira, Juan Goncalves"]
[Result "1-0"]
[WhiteElo "1908"]
[BlackElo "1800"]
[PlyCount "41"]
[EventDate "2016.12.17"]
[EventType "swiss"]
[EventRounds "5"]
[EventCountry "BRA"]
[SourceTitle "CBM 176 Extra"]
[Source "ChessBase"]
[SourceDate "2017.03.02"]
[SourceVersion "1"]
[SourceVersionDate "2017.03.02"]
[SourceQuality "1"]

1. e4 e6 2. d4 d5 3. Nd2 c5 4. Ngf3 Nd7 5. c3 h6 6. Bd3 c4 7. Bc2 Ngf6 8. e5 Nh5 9. Nf1 b5 10. g4 Nhf6 11. exf6 Nxf6 12. Ne5 Qb6 13. Ng3 b4 14. Qf3 bxc3 15. bxc3 Bb7 16. Rb1 Qc7 17. Bf4 Bd6 18. 0-0 g5 19. Bxg5 hxg5 20. Qxf6 Rg8 21. Ba4+ 1-0

[Event "Santa Cruz Potiguar-ch"]
[Site "Santa Cruz"]
[Date "2016.12.17"]
[Round "3"]
[White "Goncalves, Alice da Silva"]
[Black "Teixeira, Juan Goncalves"]
[Result "0-1"]
[WhiteElo "1731"]
[BlackElo "1800"]
[PlyCount "52"]
[EventDate "2016.12.17"]
[EventType "swiss"]
[EventRounds "5"]
[EventCountry "BRA"]
[SourceTitle "CBM 176 Extra"]
[Source "ChessBase"]
[SourceDate "2017.03.02"]
[SourceVersion "1"]
[SourceVersionDate "2017.03.02"]
[SourceQuality "1"]

1. e4 c5 2. Nf3 d6 3. Bb5+ Bd7 4. Bxd7+ Nxd7 5. d4 cxd4 6. Nxd4 Ngf6 7. Nc3 a6 8. 0-0 g6 9. Re1 e5 10. Nf3 Bg7 11. Nd5 Qa5 12. Nxf6+ Bxf6 13. Qxd6 Qc5 14. Qxc5 Nxc5 15. b4 Na4 16. c4 b5 17. cxb5 axb5 18. Bg5 Bg7 19. Red1 f6 20. Be3 0-0 21. Rd5 Rfb8 22. Bc5 Nc3 23. Bd6 Rc8 24. Rd3 Nxa2 25. Rb1 Nc3 26. Rb3 Ra1+ 0-1